000 00631nas a2200229 4500
001 BR5600095
003 BR-BrBNA
005 20231205081958.0
007 ta
008 230509b bl.|||p| |||| 00| 00por d
040 _aBR-BrBNA
_bpor
_cBiblioteca Nacional de Agricultura
041 _a(Pt)
072 _aC00
100 1 _aColumbain, M.
245 1 _aAs cooperativas na educacao de base
650 _aEducacao
650 _aCooperativa escolar
650 _aEducacao cooperativa
773 0 _tCooperacao (Brazil)
_x
_g(Mar 1956), v. 9(1) p. 30
_wBR5600095
909 _a202311
_bLúcia
_c55
_dLúcia Elande
942 _2AGRIS
_n0
_cANA
999 _c88302
_d88302